000 00327nam a22001217a 4500
999 _c9898
_d9898
003 OSt
008 201203b ||||| |||| 00| 0 eng d
245 _aIIMB Management Review
250 _a2016(Mar Vol.28 No.1, Jun Vol.28 No.2, Dec Vol.28 No.4)
260 _bIIMB
_aBangalore,Karnataka
650 _aManagement
942 _2ddc
_cBV